LEADER 02392nam 2200577 450 001 9910465302703321 005 20200520144314.0 010 $a1-4438-6589-3 035 $a(CKB)3710000000218168 035 $a(EBL)1765531 035 $a(SSID)ssj0001388307 035 $a(PQKBManifestationID)11951824 035 $a(PQKBTitleCode)TC0001388307 035 $a(PQKBWorkID)11383483 035 $a(PQKB)11633061 035 $a(MiAaPQ)EBC1765531 035 $a(Au-PeEL)EBL1765531 035 $a(CaPaEBR)ebr10909464 035 $a(CaONFJC)MIL636967 035 $a(OCoLC)887508322 035 $a(EXLCZ)993710000000218168 100 $a20140828h20142014 uy 0 101 0 $aeng 135 $aur|n|---||||| 181 $ctxt 182 $cc 183 $acr 200 00$aUnity in diversity$hVolume 2 $eCultural and linguistic markers of the concept /$fedited by Sabine Asmus and Barbara Braid ; contributors Cormac Anderson [and nine others] 210 1$aNewcastle upon Tyne, England :$cCambridge Scholars Publishing,$d2014. 210 4$d©2014 215 $a1 online resource (160 p.) 300 $aDescription based upon print version of record. 311 $a1-4438-5700-9 327 $aCONTENTS; INTRODUCTION; PART I; CHAPTER ONE; CHAPTER TWO; CHAPTER THREE; CHAPTER FOUR; PART II; CHAPTER FIVE; CHAPTER SIX; CHAPTER SEVEN; CHAPTER EIGHT; LIST OF CONTRIBUTORS 330 $aThis work investigates various markers of identity, which, if ignored, may harm the development of the healthy identity of cultural groups at the cost of a progressively instable unity. This is made clear when looking at various areas of linguistics, particularly translation and socio-linguistics, but also when studying cultural and political developments. This book, therefore, constitutes a rich repository for linguists, especially of minority languages and specifically in translational stud... 606 $aLinguistic minorities$zEurope 606 $aGroup identity$zEurope 608 $aElectronic books. 615 0$aLinguistic minorities 615 0$aGroup identity 676 $a306.4494 702 $aAsmus$b Sabine 702 $aBraid$b Barbara 702 $aAnderson$b Cormac 801 0$bMiAaPQ 801 1$bMiAaPQ 801 2$bMiAaPQ 906 $aBOOK 912 $a9910465302703321 996 $aUnity in Diversity?$9147617 997 $aUNINA LEADER 02140nam 22005775u 450 001 9910157464303321 005 20211006144923.0 010 $a9783318035827 010 $a3318035823 035 $a(CKB)3780000000101472 035 $a(OCoLC)1046108628 035 $a(SZ-BaSKA)219221 035 $a(MiAaPQ)EBC31867028 035 $a(Au-PeEL)EBL31867028 035 $a(EXLCZ)993780000000101472 100 $a20211006d1976 uy 0 101 0 $ager 135 $aurunu||||| 181 $ctxt$2rdacontent 182 $cc$2rdamedia 183 $acr$2rdacarrier 200 10$aErnährung und Alkoholismus : $eVorträge des Symposiums in Zürich, Oktober 1974, veranstaltet vom Institut für Ernährungsforschung der Stiftung «Im Grüene» / $f editor, J.C. Somogyi 205 $a1st ed. 210 $aBasel : $cS. Karger, $d1976 215 $a1 online resource (IV + 138 pages) : $c 42 figures, 40 tables 225 1 $aIssn Series 311 08$a9783805523769 311 08$a3805523769 327 $a978-3-8055-2376-9_Cover -- 978-3-8055-2376-9_00I -- 978-3-8055-2376-9_001 -- 978-3-8055-2376-9_007 -- 978-3-8055-2376-9_017 -- 978-3-8055-2376-9_032 -- 978-3-8055-2376-9_040 -- 978-3-8055-2376-9_052 -- 978-3-8055-2376-9_059 -- 978-3-8055-2376-9_069 -- 978-3-8055-2376-9_070 -- 978-3-8055-2376-9_085 -- 978-3-8055-2376-9_094 -- 978-3-8055-2376-9_100 -- 978-3-8055-2376-9_118 -- 978-3-8055-2376-9_122 -- 978-3-8055-2376-9_129. 410 0$aIssn Series 606 $aNutrition 606 $aMetabolism 606 $aPreventive Medicine 606 $aPsychology 606 $aSocial Medicine 615 14$aNutrition 615 14$aMetabolism 615 14$aPreventive Medicine 615 14$aPsychology 615 14$aSocial Medicine 676 $a613.2 s 676 $a613.2 700 $aSomogyi$b J.C 701 0$aSomogyi$b Johann Carl$01230448 712 02$aStiftung "Im Gru?ene" (Switzerland).$bInstitut fu?r Erna?hrungsforschung. 801 0$bUKSKG 801 1$bUKSKG 906 $aBOOK 912 $a9910157464303321 996 $aErnährung und Alkoholismus$92856686 997 $aUNINA LEADER 01929oas 2200685 a 450 001 9910134572803321 005 20251106213014.0 035 $a(DE-599)ZDB2619519-7 035 $a(OCoLC)565014945 035 $a(CONSER) 2011235747 035 $a(CKB)110992357376088 035 $a(EXLCZ)99110992357376088 100 $a20100321b19061924 uy 101 0 $ager 135 $aurbn||||||abp 135 $aurbn||||||ada 181 $ctxt$2rdacontent 182 $cc$2rdamedia 183 $acr$2rdacarrier 200 00$aZeitschrift fu?r deutsche Mundarten /$fim Auftrage des Vorstandes des Allgemeinen Deutschen Sprachvereins herausgegeben 210 $aBerlin $cAllgemeiner Deutscher Sprachverein$d1906-1924 215 $a1 onlnine resource 311 08$a0932-1314 606 $aGerman language$xDialects$vPeriodicals 606 $aAllemand (Langue)$xDialectes$vPe?riodiques 606 $ae?zyk niemiecki$2dbn 606 $aGerman language$xDialects$2fast$3(OCoLC)fst00941456 606 $aDialecten$2gtt 606 $aDuits$2gtt 607 $aNiemcy$2dbn 608 $aCzasopismo je?zykoznawcze.$2dbn 608 $aPeriodicals.$2fast 608 $aPeriodicals.$2lcgft 615 0$aGerman language$xDialects 615 6$aAllemand (Langue)$xDialectes 615 77$ae?zyk niemiecki. 615 7$aGerman language$xDialects. 615 17$aDialecten. 615 17$aDuits. 712 02$aAllgemeiner Deutscher Sprachverein.$bVorstand, 801 0$bOCLCE 801 1$bOCLCE 801 2$bEYM 801 2$bHUL 801 2$bOCLCQ 801 2$bOCLCF 801 2$bOCLCQ 801 2$bCUD 801 2$bAU@ 801 2$bOCL 801 2$bVLY 801 2$bOCLCQ 801 2$bUBY 801 2$bU3W 801 2$bOCLCL 801 2$bOCLCQ 906 $aJOURNAL 912 $a9910134572803321 996 $aZeitschrift für deutsche Mundarten$92582399 997 $aUNINA